Estadísticas para Idiomas más hablados del mundo

Haz click aquí para intentar la prueba.

Estadísticas generales

  • Esta prueba ha sido intentada 797 veces
  • La puntuación promedio es 13 de 22

Estadísticas de respuestas

Nº de Hablantes (en millones)Idioma% Correcto
335Inglés
100%
399Español
99%
1.197Chino
98%
75,9Francés
98%
78,1Alemán
94%
242Árabe
90%
203Portugués
90%
166Ruso
90%
63,8Italiano
88%
128Japonés
87%
77,2Coreano
64%
260Hindi
59%
70,9Turco
54%
67,8Vietnamita
33%
189Bengalí
31%
60,5Malayo
29%
64Urdu
25%
68,8Tamil
15%
84,3Javanés
7%
74Telugu
6%
71,8Maratí
5%
88,7Lahnda
1%

Distribución de puntuación

Porcentaje por número respondido

Porcentaje de gente con cada puntuación

Historial de tus puntuaciones

No has intentado esta prueba.